Radiohead or Tears for Fears Song???? - Statistics

General Stats
  • This quiz has been taken 181 times
  • The average score is 12 of 16
Answers on the Grid
Answers color-coded by a green-red scale on the quiz's grid according to % correct below.
Idioteque
Everybody Wants to Rule the World
Mothers Talk
Anyone Can Play Guitar
Head Over Heels
The Tourist
Broken
Tinker Tailor Soldier Sailor Rich Man Poor Man Beggar Man Thief
Weird Fishes/Arpeggi
The Big Chair
Planet Telex
Always in the Past
Street Spirit (Fade Out)
Morning Mr Magpie
Famous Last Words
Elemental
Pulk/Pull Revolving Doors
Brian Wilson Said
You and Whose Army?
Fish Out of Water
Let Down
Everything In It's Right Place
Johnny Panic and the Bible of Dreams
Woman in Chains
Man of War
Schrodinger's Cat
Bodysnatchers
Break it Down Again
Hundrum and Humble
Just
Feral
Year of the Knife
 
Answer Stats
Answer % Correct
Idioteque
94%
Planet Telex
85%
Weird Fishes/Arpeggi
85%
The Tourist
84%
Anyone Can Play Guitar
82%
Let Down
82%
Street Spirit (Fade Out)
81%
Just
78%
Bodysnatchers
77%
Everything In It's Right Place
77%
You and Whose Army?
77%
Tinker Tailor Soldier Sailor Rich Man Poor Man Beggar Man Thief
72%
Pulk/Pull Revolving Doors
70%
Man of War
69%
Morning Mr Magpie
63%
Feral
45%
No matching quizzes found
Score Distribution
Percent of People with Each Score
Percentile by Number Answered
Your Score History
You have not taken this quiz